• 首页
  • 本馆介绍
  • 公告通知
  • 最新文献
  • 馆藏检索
  • 电子资源
  • 读者导购
  • 参考咨询
  • 我的图书馆
  • 登录
  • 详细信息显示
  • 放入我的书架
  • 预约/预借图书
  • 作者相关作品
  • 分类相关作品
  • 丛书相关作品
  • 出版社相关作品

书目信息

  • 表格格式
  • 工作单格式
  • 卡片格式
题名:
中华健儿
    
 
作者: 李静轩 编写
分册:  
出版信息: 长春   吉林出版集团有限责任公司  2010
页数: 119页
开本: 21cm
丛书名:
单 册:
中图分类: I253.4 , G812.8
科图分类:
主题词: 报告文学--中国--现代--选集 , 夏季奥运会--运动成绩--简介--中国--2004 , 报告文学 , 夏季奥运会 , 运动成绩
电子资源:
ISBN: 978-7-5463-1865-3
000 01095nam0 2200301 450
001 2369464227
005 20231109090700.58
010    @a978-7-5463-1865-3@dCNY29.80
100    @a20100531d2010 em y0chiy50 ea
101 0  @achi
102    @aCN@b220000
105    @ay z 000zd
200 1  @a中华健儿@Azhong hua jian er@e中国在雅典奥运会上实现历史性突破@f李静轩编写
210    @a长春@c吉林出版集团有限责任公司@d2010
215    @a119页@d21cm
300    @a共和国故事
330    @a本书收录了“中国对备战雅典奥运会”、“国家体总关怀集训健儿”、“杜丽获取气步枪第一枪”、“王义夫气手枪再显神威”、“陈艳青摘取举重金牌”、“中央电贺雅典奥运健儿”等文章。
517 1  @a中国在雅典奥运会上实现历史性突破@Azhong guo zai ya dian ao yun hui shang shi xian li shi xing tu po
606 0  @a报告文学@y中国@z现代@j选集
606 0  @a夏季奥运会@x运动成绩@x简介@y中国@z2004
606 0  @a报告文学
606 0  @a夏季奥运会
606 0  @a运动成绩
690    @aI253.4@v5
690    @aG812.8@v5
701  0 @a李静轩@Ali jing xuan@4编写
801  0 @aCN@b山东中教@c20230926
905    @aBZT@dI253.4@e53
    
    中华健儿:中国在雅典奥运会上实现历史性突破/李静轩编写.-长春:吉林出版集团有限责任公司,2010
    119页;21cm
    共和国故事
    
    ISBN 978-7-5463-1865-3:CNY29.80
    本书收录了“中国对备战雅典奥运会”、“国家体总关怀集训健儿”、“杜丽获取气步枪第一枪”、“王义夫气手枪再显神威”、“陈艳青摘取举重金牌”、“中央电贺雅典奥运健儿”等文章。
●
相关链接 在五车中查询图书 在当当中查询图书 在豆瓣中查询图书


正题名:中华健儿     索取号:I253.4/53         预约/预借

序号 登录号 条形码 馆藏地/架位号 状态 备注
1 2000951163   2000951163   315书库/四40架A面6层2列/ [索取号:I253.4/53] 在馆    
2 2000951164   2000951164   315书库/四40架A面6层2列/ [索取号:I253.4/53] 在馆    
3 2000951165   2000951165   315书库/四40架A面6层2列/ [索取号:I253.4/53] 在馆    
4 2000951166   2000951166   315书库/四40架A面6层2列/ [索取号:I253.4/53] 在馆    
5 2000951167   2000951167   315书库/四40架A面6层2列/ [索取号:I253.4/53] 在馆    
6 2000951168   2000951168   315书库/四40架A面6层2列/ [索取号:I253.4/53] 在馆    
山东省滨州职业学院图书馆 欢迎您!
大连网信软件有限公司© 版权所有